[Event "SUI-chT"]
[Site "Switzerland"]
[Date "2000.??.??"]
[Round "?"]
[White "Aranovitch, Emiliano"]
[Black "Schauwecker, Meinrad"]
[Result "0-1"]
[WhiteElo "2169"]
[BlackElo "2348"]
[PlyCount "66"]
[EventDate "2000.02.??"]
[EventType "team-tourn"]
[EventRounds "9"]
[EventCountry "SUI"]
[SourceTitle "EXT 2001"]
[Source "ChessBase"]
[SourceDate "2000.11.22"]
[SourceVersion "1"]
[SourceVersionDate "2000.11.22"]
[SourceQuality "1"]

1. e4 e6 2. d3 d5 3. Nd2 Nf6 4. Ngf3 Be7 5. g3 b6 6. Qe2 c5 7. Bg2 Nc6 8. a3 Bb7 9. 0-0 Qc7 10. Re1 0-0 11. e5 Nd7 12. h4 Rfc8 13. Nf1 Nd4 14. Nxd4 cxd4 15. Qg4 Qxc2 16. Bh6 Bf8 17. Rad1 Qxb2 18. h5 Qxa3 19. Bxg7 Bxg7 20. h6 Qf8 21. hxg7 Qxg7 22. Qxd4 Rc7 23. Bf3 Rac8 24. Kg2 Qg5 25. Bg4 Rc1 26. Rxc1 Rxc1 27. Re2 Nc5 28. Bf3 Ba6 29. Re3 Rc2 30. Nh2 Ra2 31. Ng4 Ra4 32. Qb2 Rxg4 33. d4 Rxg3+ 0-1

[Event "SUI-chT"]
[Site "Switzerland"]
[Date "2000.??.??"]
[Round "?"]
[White "Ruefenacht, Matthias"]
[Black "Schauwecker, Meinrad"]
[Result "0-1"]
[WhiteElo "2352"]
[BlackElo "2348"]
[PlyCount "118"]
[EventDate "2000.02.??"]
[EventType "team-tourn"]
[EventRounds "9"]
[EventCountry "SUI"]
[SourceTitle "EXT 2001"]
[Source "ChessBase"]
[SourceDate "2000.11.22"]
[SourceVersion "1"]
[SourceVersionDate "2000.11.22"]
[SourceQuality "1"]

1. e4 e6 2. d4 d5 3. exd5 exd5 4. Nf3 c6 5. c3 Bd6 6. Bg5 Ne7 7. Bd3 Bg4 8. Nbd2 Nd7 9. 0-0 Bh5 10. Re1 0-0 11. Qc2 Bg6 12. Bxg6 hxg6 13. Bh4 Re8 14. Re2 Nf8 15. Bg3 Nf5 16. Rxe8 Qxe8 17. Bxd6 Nxd6 18. Re1 Qd7 19. Ne5 Qc7 20. Qd1 Re8 21. Nd3 Rxe1+ 22. Qxe1 g5 23. Qe2 f6 24. f4 gxf4 25. Nxf4 Qd7 26. g3 g6 27. Nd3 Qf5 28. Qf3 Qe6 29. Nc5 Qe7 30. Nf1 b6 31. Nd3 Kg7 32. Nf2 Nc4 33. b3 Nd6 34. Qe3 Qd7 35. h3 Nf5 36. Qe2 Ne6 37. h4 Qd6 38. Qd3 c5 39. h5 cxd4 40. hxg6 Qe5 41. cxd4 Nexd4 42. Kg2 Ne2 43. Ng4 Qe4+ 44. Qxe4 dxe4 45. Kf2 Nc3 46. a4 Kxg6 47. Nd2 Kg5 48. Ne3 Nd4 49. Nec4 f5 50. Ne3 Kf6 51. Nec4 Nc2 52. Nf1 Nd5 53. a5 b5 54. Nd6 a6 55. Nb7 e3+ 56. Ke2 Nd4+ 57. Ke1 e2 58. Nd2 Nb4 59. Nd6 Nd3# 0-1

[Event "SUI-chT"]
[Site "Switzerland"]
[Date "1999.??.??"]
[Round "4.5"]
[White "Herb, Pascal"]
[Black "Schauwecker, Meinrad"]
[Result "0-1"]
[WhiteElo "2356"]
[BlackElo "2345"]
[PlyCount "79"]
[EventDate "1999.01.??"]
[EventType "team-tourn"]
[EventRounds "9"]
[EventCountry "SUI"]
[SourceTitle "EXT 2001"]
[Source "ChessBase"]
[SourceDate "2000.11.22"]
[SourceVersion "1"]
[SourceVersionDate "2000.11.22"]
[SourceQuality "1"]

1. e4 e6 2. Nf3 d5 3. e5 c5 4. Be2 Ne7 5. 0-0 Nbc6 6. Re1 Ng6 7. Bf1 Bd7 8. c3 f6 9. exf6 Qxf6 10. d4 cxd4 11. Bg5 Qf7 12. c4 Be7 13. cxd5 exd5 14. Bxe7 Ngxe7 15. Nxd4 0-0 16. Qd2 Nxd4 17. Qxd4 Nc6 18. Qd2 Kh8 19. Nc3 Rad8 20. Nb5 Qf6 21. Rad1 a6 22. Nd4 Ne5 23. b3 Nc6 24. f3 Ne5 25. Qa5 Bc8 26. Qc7 Ng6 27. g3 h6 28. Bg2 Rde8 29. Rxe8 Rxe8 30. f4 Bg4 31. Rd2 Re1+ 32. Kf2 Rd1 33. Rxd1 Bxd1 34. Qc3 Ne7 35. Ne2 Qd6 36. Qd4 Bxe2 37. Kxe2 Qa3 38. Qd2 Qc5 39. Bf3 a5 40. Qd3 0-1

[Event "SUI-chT"]
[Site "Switzerland"]
[Date "1998.10.25"]
[Round "7.5"]
[White "Ditzler, Juerg"]
[Black "Schauwecker, Meinrad"]
[Result "0-1"]
[WhiteElo "2180"]
[BlackElo "2355"]
[PlyCount "90"]
[EventDate "1998.03.29"]
[EventType "team-tourn"]
[EventRounds "9"]
[EventCountry "SUI"]
[SourceTitle "EXT 2006"]
[Source "ChessBase"]
[SourceDate "2005.11.24"]
[SourceVersion "1"]
[SourceVersionDate "2005.11.24"]
[SourceQuality "1"]

1. d4 e6 2. Nf3 d5 3. c4 Nf6 4. g3 Be7 5. Bg2 0-0 6. 0-0 c6 7. b3 b6 8. Bb2 a5 9. Nbd2 Bb7 10. Qc2 Na6 11. e4 Rc8 12. Rfd1 Rc7 13. Ne5 Nd7 14. Rac1 Nxe5 15. dxe5 d4 16. c5 Bxc5 17. Nc4 Rd7 18. Bf1 b5 19. Nd6 Bxd6 20. exd6 e5 21. a4 Qb6 22. Ba3 b4 23. Bb2 Rxd6 24. Bxa6 Qxa6 25. Qc5 Re6 26. Rc4 Rd8 27. f3 Bc8 28. Rd2 f6 29. Rc1 Rde8 30. Kf2 R8e7 31. Qc4 Qb6 32. Qc5 Qc7 33. Qc4 Kf8 34. Kg2 Rd6 35. Rdc2 d3 36. Rd2 Be6 37. Qa6 Bxb3 38. Rc5 Bxa4 39. Qxa5 Qxa5 40. Rxa5 Bb5 41. Kf2 Kf7 42. Ke3 Rb7 43. f4 exf4+ 44. gxf4 c5 45. e5 Ra6 0-1

[Event "SUI-chT"]
[Site "Switzerland"]
[Date "1997.??.??"]
[Round "?"]
[White "Costa, Jean Luc"]
[Black "Schauwecker, Meinrad"]
[Result "0-1"]
[WhiteElo "2395"]
[BlackElo "2325"]
[PlyCount "71"]
[EventDate "1997.??.??"]
[EventType "team-tourn"]
[EventRounds "9"]
[EventCountry "SUI"]
[SourceTitle "EXT 1999"]
[Source "ChessBase"]
[SourceDate "1998.11.16"]
[SourceVersion "1"]
[SourceVersionDate "1998.11.16"]
[SourceQuality "1"]

1. b3 d5 2. Bb2 Bf5 3. e3 e6 4. g4 Bg6 5. h4 h6 6. Ne2 f6 7. Nf4 Bf7 8. c4 Bd6 9. Nh5 g6 10. Ng3 c6 11. Nc3 Nd7 12. Qf3 Qe7 13. h5 0-0-0 14. cxd5 exd5 15. hxg6 Ne5 16. Qf5+ Be6 17. g7 Bxf5 18. Nxf5 Rh7 19. Nxe7+ Nxe7 20. f4 Nxg4 21. Rh4 h5 22. Bd3 Rxg7 23. Ke2 Nh6 24. Rxh5 Rg2+ 25. Kd1 Ng4 26. Bc2 d4 27. exd4 Bxf4 28. Ne2 Bg5 29. Rh7 Nd5 30. Bf5+ Kb8 31. Bxg4 Rxg4 32. Rh2 Re8 33. Bc3 Nf4 34. Nxf4 Rxf4 35. Kc2 Rf5 36. a4 0-1

[Event "SUI-chT"]
[Site "Switzerland"]
[Date "1997.??.??"]
[Round "?"]
[White "Rufener, Markus"]
[Black "Schauwecker, Meinrad"]
[Result "1/2-1/2"]
[WhiteElo "2085"]
[BlackElo "2325"]
[PlyCount "94"]
[EventDate "1997.??.??"]
[EventType "team-tourn"]
[EventRounds "9"]
[EventCountry "SUI"]
[SourceTitle "EXT 1999"]
[Source "ChessBase"]
[SourceDate "1998.11.16"]
[SourceVersion "1"]
[SourceVersionDate "1998.11.16"]
[SourceQuality "1"]

1. d4 e6 2. c4 Bb4+ 3. Bd2 a5 4. Nf3 d6 5. g3 Bxd2+ 6. Qxd2 Nd7 7. Bg2 Ne7 8. 0-0 0-0 9. Nc3 c6 10. e4 Rb8 11. b3 b5 12. cxb5 cxb5 13. Rfe1 b4 14. Na4 Bb7 15. Rac1 Rc8 16. Ng5 h6 17. Nh3 Rxc1 18. Rxc1 Qb8 19. Nf4 Rc8 20. Nb2 Nf6 21. Rxc8+ Qxc8 22. f3 Ba6 23. Kf2 e5 24. Ne2 Bxe2 25. Kxe2 Nc6 26. d5 Nd4+ 27. Kd1 Nb5 28. Nc4 Qc7 29. Kc1 Nd7 30. Kb2 Nd4 31. f4 Qc5 32. fxe5 Nxe5 33. Nxe5 dxe5 34. Qc1 Qd6 35. Qc4 Kh7 36. Kc1 h5 37. Kd1 h4 38. g4 Qf6 39. Qf1 Kg6 40. Qxf6+ Kxf6 41. h3 Kg5 42. Kd2 Kf4 43. d6 Ne6 44. d7 g6 45. Ke2 Kg3 46. Bf1 Kf4 47. Bg2 Kg3 1/2-1/2

[Event "SUI-chT"]
[Site "Switzerland"]
[Date "1995.??.??"]
[Round "2"]
[White "Gerber, Richard"]
[Black "Schauwecker, Meinrad"]
[Result "1-0"]
[WhiteElo "2375"]
[BlackElo "2340"]
[PlyCount "53"]
[EventDate "1995.??.??"]
[EventType "team-tourn"]
[EventRounds "9"]
[EventCountry "SUI"]
[SourceTitle "CBM 049 Extra"]
[Source "ChessBase"]
[SourceDate "1996.01.01"]
[SourceVersion "1"]
[SourceVersionDate "1996.01.01"]
[SourceQuality "1"]

1. d4 e6 2. c4 Bb4+ 3. Nc3 c5 4. e3 d6 5. Nge2 Nf6 6. a3 Ba5 7. g3 0-0 8. Bg2 Nbd7 9. 0-0 a6 10. Rb1 Rb8 11. b4 Bc7 12. bxc5 dxc5 13. a4 Qe7 14. Ba3 Rd8 15. Qb3 h5 16. a5 h4 17. Na4 Bd6 18. Rfd1 e5 19. dxc5 Nxc5 20. Bxc5 Bxc5 21. Rxd8+ Qxd8 22. Nxc5 Qxa5 23. Qb4 Qa2 24. Nc3 Qc2 25. N5e4 Bf5 26. Nxf6+ gxf6 27. Qb3 1-0

[Event "SUI-chT"]
[Site "Switzerland"]
[Date "1995.??.??"]
[Round "4"]
[White "Ruefenacht, Matthias"]
[Black "Schauwecker, Meinrad"]
[Result "1/2-1/2"]
[WhiteElo "2345"]
[BlackElo "2340"]
[PlyCount "80"]
[EventDate "1995.??.??"]
[EventType "team-tourn"]
[EventRounds "9"]
[EventCountry "SUI"]
[SourceTitle "CBM 049 Extra"]
[Source "ChessBase"]
[SourceDate "1996.01.01"]
[SourceVersion "1"]
[SourceVersionDate "1996.01.01"]
[SourceQuality "1"]

1. d4 e6 2. Nf3 Nf6 3. Bg5 h6 4. Bxf6 Qxf6 5. e4 d6 6. Nc3 Bd7 7. Qd2 Nc6 8. d5 exd5 9. exd5 Ne7 10. 0-0-0 0-0-0 11. Ne4 Qg6 12. Ng3 f5 13. h4 Qf7 14. h5 f4 15. Ne2 g5 16. hxg6 Nxg6 17. Nh4 Rg8 18. Nxg6 Rxg6 19. Nxf4 Rg5 20. g3 Bg7 21. Bh3 Bxh3 22. Rxh3 Rf5 23. Rh2 Re8 24. Rhh1 h5 25. Rhe1 Bh6 26. Rxe8+ Qxe8 27. Qe3 Qf7 28. Qxa7 Rxd5 29. Rxd5 Qxd5 30. Qe3 Qf7 31. Kd1 Kd7 32. b3 h4 33. Ke1 Qf5 34. Qd3 Qe5+ 35. Kf1 Bxf4 36. gxf4 Qxf4 37. Qh3+ Kc6 38. Qc3+ Kd7 39. Qg7+ Kc6 40. Qc3+ Kd7 1/2-1/2

[Event "San Bernardino op"]
[Site "San Bernardino"]
[Date "1994.??.??"]
[Round "?"]
[White "Dubeck, Michael"]
[Black "Schauwecker, Meinrad"]
[Result "1/2-1/2"]
[WhiteElo "2320"]
[BlackElo "2365"]
[PlyCount "76"]
[EventDate "1994.??.??"]
[EventType "swiss"]
[EventRounds "9"]
[EventCountry "SUI"]
[SourceTitle "EXT 1997"]
[Source "ChessBase"]
[SourceDate "1996.11.15"]
[SourceVersion "1"]
[SourceVersionDate "1996.11.15"]
[SourceQuality "1"]

1. d4 e6 2. Nf3 Nf6 3. c4 Bb4+ 4. Bd2 Bxd2+ 5. Qxd2 d6 6. g3 Nbd7 7. Bg2 0-0 8. 0-0 c6 9. Nc3 Qe7 10. Rfe1 Re8 11. b3 Nf8 12. e4 e5 13. h3 Ng6 14. Rad1 Bd7 15. Re3 Rac8 16. Rd3 Rc7 17. Kh2 h6 18. Qb2 b6 19. Qa3 Bc8 20. Re3 a6 21. Qc1 b5 22. Qa3 b4 23. Qxb4 exd4 24. Nxd4 c5 25. Qb6 Rb7 26. Qa5 cxd4 27. Rxd4 Ne5 28. Nd5 Nxd5 29. Rxd5 Nc6 30. Qd2 Rd7 31. f4 Nb8 32. Red3 Red8 33. h4 Bb7 34. R5d4 Nc6 35. Rd5 Nb8 36. R5d4 Re8 37. e5 Bxg2 38. Kxg2 Red8 1/2-1/2

[Event "SUI-chT"]
[Site "Switzerland"]
[Date "1994.??.??"]
[Round "3"]
[White "Nemet, Ivan"]
[Black "Schauwecker, Meinrad"]
[Result "1-0"]
[WhiteElo "2450"]
[BlackElo "2305"]
[PlyCount "47"]
[EventDate "1994.??.??"]
[EventType "team-tourn"]
[EventRounds "9"]
[EventCountry "SUI"]
[SourceTitle "EXT 2000"]
[Source "ChessBase"]
[SourceDate "1999.11.16"]
[SourceVersion "1"]
[SourceVersionDate "1999.11.16"]
[SourceQuality "1"]

1. d4 e6 2. e4 d5 3. Nc3 Bb4 4. exd5 exd5 5. Bd3 Nc6 6. a3 Bxc3+ 7. bxc3 Nge7 8. Qh5 Be6 9. Rb1 Qc8 10. h3 Bf5 11. Ne2 0-0 12. 0-0 Re8 13. Ng3 Bxd3 14. cxd3 b6 15. f4 f5 16. Rb2 Qe6 17. Re2 Qf7 18. Qf3 Ng6 19. Rfe1 Re7 20. Rxe7 Ncxe7 21. a4 Rd8 22. Ba3 Nc8 23. Qh5 Nxf4 24. Qg5 1-0

[Event "San Bernardino op"]
[Site "San Bernardino"]
[Date "1994.??.??"]
[Round "?"]
[White "Schauwecker, Meinrad"]
[Black "Chernin, Alexander"]
[Result "0-1"]
[WhiteElo "2365"]
[BlackElo "2615"]
[PlyCount "82"]
[EventDate "1994.??.??"]
[EventType "swiss"]
[EventRounds "9"]
[EventCountry "SUI"]
[SourceTitle "EXT 1997"]
[Source "ChessBase"]
[SourceDate "1996.11.15"]
[SourceVersion "1"]
[SourceVersionDate "1996.11.15"]
[SourceQuality "1"]

1. d4 d5 2. Nf3 c6 3. e3 Bg4 4. Nbd2 Nd7 5. Be2 e6 6. 0-0 Bd6 7. c4 f5 8. b4 a6 9. Qb3 Ngf6 10. a4 0-0 11. Re1 Ne4 12. Nf1 Qe7 13. c5 Bb8 14. Bb2 e5 15. Nxe5 Nxe5 16. dxe5 Bxe2 17. Rxe2 Bxe5 18. a5 Rae8 19. Rd1 Kh8 20. Bd4 Qf7 21. Qb2 Bc7 22. f3 Ng5 23. Rde1 Re7 24. Nd2 Rfe8 25. f4 Ne6 26. Nf3 Nxd4 27. Nxd4 Re4 28. Qd2 Bd8 29. Rb1 Qg6 30. Rb3 Bf6 31. Nf3 Qh5 32. Rd3 h6 33. Rf2 R8e6 34. Rb3 Qe8 35. Nd4 Bxd4 36. exd4 Re1+ 37. Rf1 R1e2 38. Qd3 R6e3 39. Qb1 Qg6 40. g3 Qh5 41. h4 Qg4 0-1

[Event "SUI-chT"]
[Site "Switzerland"]
[Date "1994.??.??"]
[Round "7"]
[White "Vogt, Lothar"]
[Black "Schauwecker, Meinrad"]
[Result "1-0"]
[WhiteElo "2490"]
[BlackElo "2305"]
[PlyCount "85"]
[EventDate "1994.??.??"]
[EventType "team-tourn"]
[EventRounds "9"]
[EventCountry "SUI"]
[SourceTitle "EXT 2000"]
[Source "ChessBase"]
[SourceDate "1999.11.16"]
[SourceVersion "1"]
[SourceVersionDate "1999.11.16"]
[SourceQuality "1"]

1. e4 e6 2. d3 d5 3. Nd2 Nf6 4. Ngf3 Be7 5. g3 0-0 6. Bg2 a5 7. e5 Nfd7 8. 0-0 a4 9. a3 c5 10. Re1 Nc6 11. Nf1 b5 12. h4 b4 13. Bf4 Ba6 14. Ne3 bxa3 15. bxa3 Nd4 16. c4 Nb3 17. cxd5 Nxa1 18. Qxa1 exd5 19. Nxd5 Bxd3 20. e6 fxe6 21. Rxe6 Bf6 22. Nxf6+ Rxf6 23. Bg5 Rxe6 24. Bxd8 Rxd8 25. Ng5 Rd6 26. Be4 Bxe4 27. Nxe4 Rd4 28. Ng5 Nf8 29. Qa2+ R8d5 30. Nf3 Rd1+ 31. Kg2 Nd7 32. Qc4 h6 33. Qxa4 Nf6 34. g4 Kf8 35. g5 hxg5 36. hxg5 Nd7 37. Qf4+ Ke8 38. Qe4+ Kf7 39. g6+ Kf6 40. Qe8 Kf5 41. Qf7+ Nf6 42. Qxg7 Nh5 43. Qf7+ 1-0

[Event "SUI-chT"]
[Site "Switzerland"]
[Date "1994.??.??"]
[Round "8"]
[White "Wolff, Armel David"]
[Black "Schauwecker, Meinrad"]
[Result "1/2-1/2"]
[WhiteElo "2115"]
[BlackElo "2305"]
[PlyCount "48"]
[EventDate "1994.??.??"]
[EventType "team-tourn"]
[EventRounds "9"]
[EventCountry "SUI"]
[SourceTitle "EXT 2000"]
[Source "ChessBase"]
[SourceDate "1999.11.16"]
[SourceVersion "1"]
[SourceVersionDate "1999.11.16"]
[SourceQuality "1"]

1. e4 e6 2. d4 d5 3. Bd3 dxe4 4. Bxe4 Nf6 5. Bf3 Nbd7 6. Bf4 c5 7. c3 Qb6 8. Qd2 cxd4 9. cxd4 Bb4 10. Nc3 0-0 11. Nge2 Re8 12. 0-0 e5 13. dxe5 Nxe5 14. Bxe5 Rxe5 15. a3 Bf8 16. Qd4 Qxd4 17. Nxd4 Rb8 18. Rfe1 Rxe1+ 19. Rxe1 Bd7 20. h3 Bc5 21. Rd1 a6 22. Rd2 g6 23. Nb3 Be7 24. Na5 b6 1/2-1/2

[Event "SUI-chT"]
[Site "Switzerland"]
[Date "1993.??.??"]
[Round "?"]
[White "Gallagher, Joseph G"]
[Black "Schauwecker, Meinrad"]
[Result "1/2-1/2"]
[WhiteElo "2500"]
[BlackElo "2370"]
[PlyCount "64"]
[EventDate "1993.??.??"]
[EventType "team-tourn"]
[EventRounds "9"]
[EventCountry "SUI"]
[SourceTitle "TD"]
[Source "ChessBase"]
[SourceDate "1994.03.01"]
[SourceVersion "1"]
[SourceVersionDate "1994.03.01"]
[SourceQuality "1"]

1. e4 e6 2. d4 d5 3. Nc3 Bb4 4. e5 c5 5. a3 Ba5 6. b4 cxd4 7. Nb5 Bc7 8. f4 Nh6 9. Nf3 Bd7 10. Nfxd4 0-0 11. Bd3 Bxb5 12. Nxb5 Bb6 13. Bb2 Nc6 14. Nd6 f6 15. Qh5 fxe5 16. fxe5 Bf2+ 17. Kd2 Qe7 18. Rhf1 Bd4 19. Bxd4 Nxd4 20. Rae1 Rxf1 21. Rxf1 Rf8 22. Rxf8+ Qxf8 23. Kc3 Nc6 24. Nxb7 a5 25. Nd6 g6 26. Qg5 axb4+ 27. axb4 Qf2 28. Kb2 Qd4+ 29. Kc1 Qxb4 30. Bxg6 Qe1+ 31. Kb2 Qb4+ 32. Ka2 Qa5+ 1/2-1/2

[Event "SUI-chT"]
[Site "Switzerland"]
[Date "1993.??.??"]
[Round "?"]
[White "Gavrikov, Viktor"]
[Black "Schauwecker, Meinrad"]
[Result "1-0"]
[WhiteElo "2575"]
[BlackElo "2370"]
[PlyCount "99"]
[EventDate "1993.??.??"]
[EventType "team-tourn"]
[EventRounds "9"]
[EventCountry "SUI"]
[SourceTitle "TD"]
[Source "ChessBase"]
[SourceDate "1994.03.01"]
[SourceVersion "1"]
[SourceVersionDate "1994.03.01"]
[SourceQuality "1"]

1. c4 Nf6 2. Nc3 g6 3. e4 d6 4. d4 Bg7 5. f3 c5 6. d5 0-0 7. Nge2 e6 8. Ng3 exd5 9. cxd5 a6 10. a4 b6 11. Be2 Ra7 12. Bg5 h6 13. Be3 Re7 14. Qd2 Kh7 15. 0-0 Rfe8 16. Rab1 Nbd7 17. Rfc1 Ng8 18. Kh1 h5 19. Nf1 Nh6 20. Bf4 Ne5 21. b4 Rc7 22. bxc5 Rxc5 23. Be3 f5 24. Bxc5 bxc5 25. Ne3 f4 26. Nc4 Nxc4 27. Bxc4 Bd4 28. Qxf4 Be5 29. Qe3 Qh4 30. Qg1 Bd4 31. Qf1 Be5 32. g3 Bxg3 33. Rc2 Be5 34. Bxa6 Bxa6 35. Qxa6 Qf6 36. Qd3 c4 37. Qe3 Bd4 38. e5 dxe5 39. Ne4 Qf5 40. Qe2 Rf8 41. Rxc4 g5 42. Rc7+ Kh8 43. Rbb7 g4 44. Rh7+ Qxh7 45. Rxh7+ Kxh7 46. fxg4 Nxg4 47. d6 Kg6 48. d7 Rd8 49. h3 Ne3 50. Qa6+ 1-0

[Event "Winterthur"]
[Site "Winterthur"]
[Date "1986.??.??"]
[Round "?"]
[White "Schauwecker, Meinrad"]
[Black "Levitt, Jonathan"]
[Result "1-0"]
[WhiteElo "2360"]
[BlackElo "2395"]
[PlyCount "71"]
[EventDate "1986.??.??"]
[EventType "tourn"]
[EventRounds "11"]
[EventCountry "SUI"]
[EventCategory "7"]
[SourceTitle "EXT 2002"]
[Source "ChessBase"]
[SourceDate "2001.11.25"]
[SourceVersion "1"]
[SourceVersionDate "2001.11.25"]
[SourceQuality "1"]

1. d4 Nf6 2. Nf3 e6 3. e3 b6 4. Bd3 Bb7 5. 0-0 Be7 6. c4 c5 7. Nc3 a6 8. a4 cxd4 9. exd4 d5 10. Bg5 0-0 11. Re1 Nbd7 12. Qe2 Re8 13. Rad1 h6 14. Bd2 Qc8 15. cxd5 Nxd5 16. Rc1 Nxc3 17. Rxc3 Qb8 18. Bb1 Bb4 19. Re3 Qd6 20. Bc3 Nf8 21. Ne5 Qe7 22. Qh5 Bxc3 23. bxc3 Nd7 24. Rg3 Nxe5 25. Qxe5 Qf8 26. Ree3 Rac8 27. Ba2 g6 28. h4 Qg7 29. Qd6 Bc6 30. Bxe6 fxe6 31. Rxe6 Red8 32. Qxd8+ Rxd8 33. Rexg6 Rd7 34. Rxc6 Qxg3 35. fxg3 b5 36. Rxa6 1-0

[Event "Biel-12 GM"]
[Site "Biel"]
[Date "1979.08.03"]
[Round "7"]
[White "Toth, Bela"]
[Black "Schauwecker, Meinrad"]
[Result "1/2-1/2"]
[WhiteElo "2470"]
[BlackElo "2365"]
[PlyCount "79"]
[EventDate "1979.07.27"]
[EventType "tourn"]
[EventRounds "13"]
[EventCountry "SUI"]
[EventCategory "8"]
[SourceTitle "EXT 2002"]
[Source "ChessBase"]
[SourceDate "2001.11.25"]
[SourceVersion "1"]
[SourceVersionDate "2001.11.25"]
[SourceQuality "1"]

1. d4 Nf6 2. c4 e6 3. Nf3 Bb4+ 4. Bd2 Qe7 5. g3 Bxd2+ 6. Qxd2 b6 7. Nc3 Bb7 8. Bg2 0-0 9. 0-0 Re8 10. d5 Na6 11. Rfe1 e5 12. e4 d6 13. Bh3 c6 14. dxc6 Bxc6 15. Nh4 g6 16. Rad1 Rad8 17. Ng2 Nc7 18. f3 a6 19. Ne3 b5 20. cxb5 axb5 21. Ncd5 Ncxd5 22. exd5 Bd7 23. Bf1 Ra8 24. a3 Qd8 25. Nc2 Qb6+ 26. Qf2 Qb7 27. Nb4 Rac8 28. h3 Rc5 29. f4 e4 30. Qd4 Nh5 31. g4 Nxf4 32. Rxe4 Rxe4 33. Qxe4 g5 34. Qe7 h6 35. Qxd6 Qa7 36. Kh1 Rc4 37. Bxc4 Qe3 38. Qb8+ Kg7 39. Bf1 Qf3+ 40. Kh2 1/2-1/2

[Event "Clare Benedict Cup-23"]
[Site "Cleveland"]
[Date "1979.07.21"]
[Round "7.2"]
[White "Schauwecker, Meinrad"]
[Black "Speelman, Jonathan S"]
[Result "1/2-1/2"]
[WhiteElo "2365"]
[BlackElo "2470"]
[PlyCount "80"]
[EventDate "1979.07.14"]
[EventType "team-tourn"]
[EventRounds "7"]
[EventCountry "ENG"]
[SourceTitle "EXT 2004"]
[Source "ChessBase"]
[SourceDate "2003.11.25"]
[SourceVersion "1"]
[SourceVersionDate "2003.11.25"]
[SourceQuality "1"]
[WhiteTeam "Switzerland"]
[BlackTeam "England"]
[WhiteTeamCountry "SUI"]
[BlackTeamCountry "ENG"]

1. d4 Nf6 2. Nf3 e6 3. Bg5 c5 4. e3 h6 5. Bh4 Nc6 6. Nbd2 cxd4 7. exd4 g5 8. Bg3 g4 9. Ne5 Nxd4 10. c3 Nf5 11. Nxg4 Nxg3 12. hxg3 Bg7 13. Bd3 d5 14. Nb3 Nxg4 15. Qxg4 0-0 16. Rxh6 f5 17. Qg6 Rf6 18. Qh7+ Kf7 19. Rxf6+ Qxf6 20. Nd4 Bd7 21. Qh5+ Ke7 22. 0-0-0 f4 23. Qe2 fxg3 24. Nf5+ Kd8 25. Nxg3 Be8 26. Kb1 Rc8 27. Rc1 Rc7 28. Rc2 Ba4 29. Rc1 Be8 30. Nf1 b5 31. Ne3 b4 32. cxb4 Rxc1+ 33. Kxc1 Qf4 34. g3 Qxb4 35. Nd1 e5 36. a3 Qb6 37. Bc2 e4 38. Kb1 Qh6 39. Qe3 Qxe3 40. Nxe3 Bc6 1/2-1/2

[Event "Clare Benedict Cup-23"]
[Site "Cleveland"]
[Date "1979.07.19"]
[Round "6.2"]
[White "Van Dop, Arend J"]
[Black "Schauwecker, Meinrad"]
[Result "1/2-1/2"]
[WhiteElo "2300"]
[BlackElo "2365"]
[PlyCount "35"]
[EventDate "1979.07.14"]
[EventType "team-tourn"]
[EventRounds "7"]
[EventCountry "ENG"]
[SourceTitle "EXT 2004"]
[Source "ChessBase"]
[SourceDate "2003.11.25"]
[SourceVersion "1"]
[SourceVersionDate "2003.11.25"]
[SourceQuality "1"]
[WhiteTeam "Netherlands"]
[BlackTeam "Switzerland"]
[WhiteTeamCountry "NED"]
[BlackTeamCountry "SUI"]

1. d4 Nf6 2. c4 e6 3. g3 Bb4+ 4. Bd2 Qe7 5. Nf3 b6 6. Bg2 Bb7 7. 0-0 Bxd2 8. Qxd2 0-0 9. Nc3 Ne4 10. Nxe4 Bxe4 11. Qf4 d5 12. Rac1 Na6 13. Qe3 c5 14. Rfd1 Qb7 15. Ne1 Bxg2 16. Nxg2 dxc4 17. Rxc4 Rfd8 18. Nf4 1/2-1/2

[Event "Clare Benedict Cup-23"]
[Site "Cleveland"]
[Date "1979.07.18"]
[Round "5.2"]
[White "Schauwecker, Meinrad"]
[Black "Wittmann, Walter"]
[Result "1/2-1/2"]
[WhiteElo "2365"]
[BlackElo "2360"]
[PlyCount "85"]
[EventDate "1979.07.14"]
[EventType "team-tourn"]
[EventRounds "7"]
[EventCountry "ENG"]
[SourceTitle "EXT 2004"]
[Source "ChessBase"]
[SourceDate "2003.11.25"]
[SourceVersion "1"]
[SourceVersionDate "2003.11.25"]
[SourceQuality "1"]
[WhiteTeam "Switzerland"]
[BlackTeam "Austria"]
[WhiteTeamCountry "SUI"]
[BlackTeamCountry "AUT"]

1. Nf3 c5 2. e3 g6 3. d4 Bg7 4. Be2 Nf6 5. 0-0 0-0 6. b3 b6 7. Bb2 Bb7 8. Nbd2 d6 9. c4 Nbd7 10. a3 d5 11. b4 cxd4 12. Bxd4 Re8 13. Rc1 e5 14. Bb2 Qe7 15. cxd5 Nxd5 16. Nc4 Red8 17. Qb3 e4 18. Nd4 Ne5 19. Nxe5 Bxe5 20. Nc6 Bxc6 21. Rxc6 Bxb2 22. Qxb2 Rac8 23. Rfc1 Rxc6 24. Rxc6 Nc7 25. h3 Ne8 26. Qc3 Nd6 27. a4 Ne8 28. g3 Rd7 29. Rc8 Rd8 30. Rxd8 Qxd8 31. Qe5 Nd6 32. Kg2 Qd7 33. Qd5 Qe7 34. Bd1 Kg7 35. a5 bxa5 36. bxa5 h5 37. h4 Kh7 38. Ba4 Qf6 39. Bc6 Qf3+ 40. Kg1 Qf6 41. Qc5 Qa1+ 42. Kg2 Qd1 43. Qxa7 1/2-1/2

[Event "Clare Benedict Cup-23"]
[Site "Cleveland"]
[Date "1979.07.16"]
[Round "3.2"]
[White "Schauwecker, Meinrad"]
[Black "Fries Nielsen, Niels Jorgen"]
[Result "1/2-1/2"]
[WhiteElo "2365"]
[BlackElo "2300"]
[PlyCount "96"]
[EventDate "1979.07.14"]
[EventType "team-tourn"]
[EventRounds "7"]
[EventCountry "ENG"]
[SourceTitle "EXT 2004"]
[Source "ChessBase"]
[SourceDate "2003.11.25"]
[SourceVersion "1"]
[SourceVersionDate "2003.11.25"]
[SourceQuality "1"]
[WhiteTeam "Switzerland"]
[BlackTeam "Denmark"]
[WhiteTeamCountry "SUI"]
[BlackTeamCountry "DEN"]

1. d4 c5 2. d5 e5 3. c4 d6 4. Nc3 Be7 5. g3 f5 6. Bg2 Nf6 7. Nf3 Nbd7 8. 0-0 0-0 9. Ne1 Kh8 10. b3 a6 11. Nd3 Rb8 12. a4 Qe8 13. Bd2 Qh5 14. f3 g5 15. Nf2 Qg6 16. e4 f4 17. Bh3 Qh6 18. Bf5 Nh5 19. Kg2 Ng7 20. g4 a5 21. Rh1 Rg8 22. Kf1 Nf8 23. Ke2 Ng6 24. Qc2 Nh4 25. Rag1 Ne8 26. Nb5 b6 27. Nc3 Nc7 28. Nd3 Bf6 29. Bxc8 Rbxc8 30. Ne1 Rcf8 31. h3 Kg7 32. Ng2 Kf7 33. Be1 Ke7 34. Bf2 Rf7 35. Nb5 Nxb5 36. axb5 Qf8 37. Nxh4 gxh4 38. Ra1 Qd8 39. Rhg1 Bg5 40. Be1 Kf8 41. Bc3 Rb7 42. Ra4 Qc7 43. Rga1 Kf7 44. Qd2 Be7 45. Kd3 Qd7 46. Rg1 Bd8 47. Qf2 Qe7 48. Raa1 Qg5 1/2-1/2